SV Werder Bremen Squad 2018-2019 - Statistics

General Stats
  • This quiz has been taken 15 times
  • The average score is 16 of 30
Answer Stats
# Postion Nation Player % Correct
1 GK Czech Republic Jiří Pavlenka
100%
4 FW Peru Claudio Pizarro
87%
5 DF Sweden Ludwig Augustinsson
87%
32 DF Austria Marco Friedl
87%
11 FW Kosovo Milot Rashica
80%
8 FW Japan Yūya Ōsako
80%
10 FW Germany Max Kruse
73%
23 DF Czech Republic Theodor Gebre Selassie
73%
30 MF Netherlands Davy Klaassen
67%
19 FW United States Josh Sargent
67%
13 DF Serbia Miloš Veljković
67%
- Coach Germany Florian Kohfeldt
60%
9 FW Austria Martin Harnik
60%
18 DF Finland Niklas Moisander
60%
17 MF Turkey Nuri Şahin
60%
44 MF Germany Philipp Bargfrede
60%
7 FW Austria Florian Kainz
53%
2 DF Sweden Felix Beijmo
40%
24 FW Germany Johannes Eggestein
40%
35 MF Germany Maximilian Eggestein
40%
27 GK Greece Stefanos Kapino
40%
20 FW United States Aron Jóhannsson
33%
6 MF Germany Kevin Möhwald
33%
15 DF Germany Sebastian Langkamp
33%
22 FW Germany Fin Bartels
27%
40 GK Germany Luca Plogmann
27%
14 MF Germany Ole Käuper
27%
34 MF Germany Jean Manuel Mbom
13%
39 DF Germany Jan-Niklas Beste
7%
36 DF Germany Thore Jacobsen
7%
No matching quizzes found
Score Distribution
Percent of People with Each Score
Percentile by Number Answered
Your Score History
You have not taken this quiz